[Event "Villarobledo Online Qualifyer"]
[Site "playchess.com #155672"]
[Date "2009.05.23"]
[Round "7"]
[White "acepoint"]
[Black "CubaChessPraxis"]
[Result "0-1"]
[WhiteElo "1880"]
[BlackElo "2124"]
[PlyCount "56"]
[EventDate "2009.05.23"]
[EventType "swiss (blitz)"]

1. e4 {[%emt 0:00:04]} c5 {[%emt 0:00:26]} 2. Nf3 {[%emt 0:00:06]} e6 {[%emt 0:
00:02]} 3. d4 {[%emt 0:00:01]} cxd4 {[%emt 0:00:01]} 4. Nxd4 {[%emt 0:00:00]}
a6 {[%emt 0:00:01]} 5. Nc3 {[%emt 0:00:01]} Qc7 {[%emt 0:00:02]} 6. Bd3 {[%emt
0:00:06]} Nf6 {[%emt 0:00:02]} 7. f3 {[%emt 0:00:02]} b6 {[%emt 0:00:02]} 8.
Be3 {[%emt 0:00:01]} Bb7 {[%emt 0:00:01]} 9. O-O {[%emt 0:00:03]} Be7 {[%emt 0:
00:02]} 10. Kh1 {[%emt 0:00:02]} d6 {[%emt 0:00:04]} 11. Qd2 {[%emt 0:00:16]}
Nbd7 {[%emt 0:00:02]} 12. Qf2 {[%emt 0:00:02]} O-O {[%emt 0:00:02]} 13. Rad1 {
[%emt 0:00:03]} Rac8 {[%emt 0:00:03]} 14. g4 {[%emt 0:00:03]} Ne5 {[%emt 0:00:
07]} 15. g5 {[%emt 0:00:05]} Nfd7 {[%emt 0:00:02]} 16. Qg3 {[%emt 0:00:14]} Nc5
{[%emt 0:00:10]} 17. Be2 {[%emt 0:00:04]} b5 {[%emt 0:00:06]} 18. a3 {[%emt 0:
00:02]} Na4 {[%emt 0:00:05]} 19. Nxa4 {[%emt 0:00:05]} bxa4 {[%emt 0:00:02]}
20. c3 {[%emt 0:00:05]} Nc4 {[%emt 0:00:08]} 21. Bc1 {[%emt 0:00:41]} Qb6 {
[%emt 0:00:03]} 22. Bxc4 {[%emt 0:00:09]} Rxc4 {[%emt 0:00:02]} 23. Rde1 {
[%emt 0:00:04]} Re8 {[%emt 0:00:05]} 24. f4 {[%emt 0:00:02]} Bf8 {[%emt 0:00:
01]} 25. f5 {[%emt 0:00:03]} exf5 {[%emt 0:00:06]} 26. Rxf5 {[%emt 0:00:19]}
Rxe4 {[%emt 0:00:06]} 27. Kg1 {[%emt 0:00:01]} Rc5 {[%emt 0:01:00]} 28. Rf2 {
[%emt 0:00:14]} Rxe1+ {[%emt 0:00:04] acepoint gibt auf  (Lag: Av=0.30s, max=0.
8s)} 0-1

[Event "Villarobledo Online Qualifyer"]
[Site "playchess.com #155672"]
[Date "2009.05.23"]
[Round "7"]
[White "drift"]
[Black "Direchess"]
[Result "0-1"]
[WhiteElo "1823"]
[BlackElo "2050"]
[PlyCount "52"]
[EventDate "2009.05.23"]
[EventType "swiss (blitz)"]

1. d4 {[%emt 0:00:04]} f5 {[%emt 0:00:02]} 2. Bg5 {[%emt 0:00:05]} Nf6 {[%emt
0:00:05]} 3. Bxf6 {[%emt 0:00:02]} exf6 {[%emt 0:00:02]} 4. Nf3 {[%emt 0:00:02]
} Be7 {[%emt 0:00:05]} 5. e3 {[%emt 0:00:01]} O-O {[%emt 0:00:02]} 6. Be2 {
[%emt 0:00:01]} d5 {[%emt 0:00:04]} 7. O-O {[%emt 0:00:01]} c6 {[%emt 0:00:02]}
8. c4 {[%emt 0:00:01]} Be6 {[%emt 0:00:03]} 9. Nc3 {[%emt 0:00:01]} dxc4 {
[%emt 0:00:07]} 10. Qc2 {[%emt 0:00:10]} Nd7 {[%emt 0:00:07]} 11. Rfd1 {[%emt
0:00:03]} Nb6 {[%emt 0:00:02]} 12. a4 {[%emt 0:00:02]} a5 {[%emt 0:00:03]} 13.
Nh4 {[%emt 0:00:08]} Qc8 {[%emt 0:00:07]} 14. Rd2 {[%emt 0:00:15]} Bb4 {[%emt
0:00:02]} 15. Rad1 {[%emt 0:00:04]} g5 {[%emt 0:00:22]} 16. Nf3 {[%emt 0:00:02]
} Rf7 {[%emt 0:00:03]} 17. Rc1 {[%emt 0:01:02]} Qf8 {[%emt 0:00:05]} 18. Rdd1 {
[%emt 0:00:02]} Rd8 {[%emt 0:00:09]} 19. Na2 {[%emt 0:00:10]} Bd6 {[%emt 0:00:
06]} 20. Qc3 {[%emt 0:00:20]} Nxa4 {[%emt 0:00:26]} 21. Qxa5 {[%emt 0:00:02]}
Nxb2 {[%emt 0:00:02]} 22. Rd2 {[%emt 0:00:06]} Nd3 {[%emt 0:00:03]} 23. Bxd3 {
[%emt 0:00:02]} cxd3 {[%emt 0:00:00]} 24. Nc3 {[%emt 0:00:23]} Bb4 {[%emt 0:00:
05]} 25. Qb6 {[%emt 0:00:05]} Ra8 {[%emt 0:00:07]} 26. h3 {[%emt 0:00:02]} Ra6
{[%emt 0:00:10] drift resigns} 0-1

[Event "Villarobledo Online Qualifyer"]
[Site "playchess.com #155672"]
[Date "2009.05.23"]
[Round "7"]
[White "Markus Lammers"]
[Black "Àíòîíîâ"]
[Result "1-0"]
[WhiteElo "2479"]
[BlackElo "1880"]
[PlyCount "69"]
[EventDate "2009.05.23"]
[EventType "swiss (blitz)"]

1. e4 {[%emt 0:00:01]} Nf6 {[%emt 0:00:02]} 2. e5 {[%emt 0:00:01]} Nd5 {[%emt
0:00:01]} 3. d4 {[%emt 0:00:00]} d6 {[%emt 0:00:01]} 4. Nf3 {[%emt 0:00:00]} g6
{[%emt 0:00:01]} 5. c4 {[%emt 0:00:02]} Nb6 {[%emt 0:00:01]} 6. Nc3 {[%emt 0:
00:01]} Bg7 {[%emt 0:00:01]} 7. exd6 {[%emt 0:00:01]} cxd6 {[%emt 0:00:01]} 8.
Be3 {[%emt 0:00:06]} O-O {[%emt 0:00:01]} 9. Rc1 {[%emt 0:00:04]} Bg4 {[%emt 0:
00:01]} 10. c5 {[%emt 0:00:08]} dxc5 {[%emt 0:00:24]} 11. dxc5 {[%emt 0:00:01]}
Qxd1+ {[%emt 0:00:05]} 12. Rxd1 {[%emt 0:00:01]} N6d7 {[%emt 0:00:04]} 13. Be2
{[%emt 0:00:06]} Nf6 {[%emt 0:00:04]} 14. h3 {[%emt 0:00:14]} Bxf3 {[%emt 0:00:
23]} 15. Bxf3 {[%emt 0:00:03]} Nc6 {[%emt 0:00:01]} 16. O-O {[%emt 0:00:10]}
Rac8 {[%emt 0:00:02]} 17. a3 {[%emt 0:00:12]} a6 {[%emt 0:00:07]} 18. b4 {
[%emt 0:00:05]} Rfd8 {[%emt 0:00:03]} 19. Na4 {[%emt 0:00:18]} Kf8 {[%emt 0:00:
26]} 20. Nb6 {[%emt 0:00:07]} Rb8 {[%emt 0:00:06]} 21. Bf4 {[%emt 0:00:06]} e5
{[%emt 0:00:09]} 22. Bg5 {[%emt 0:00:03]} h6 {[%emt 0:00:08]} 23. Bxf6 {[%emt
0:00:08]} Bxf6 {[%emt 0:00:02]} 24. Bxc6 {[%emt 0:00:04]} bxc6 {[%emt 0:00:04]}
25. Nd7+ {[%emt 0:00:02]} Ke7 {[%emt 0:00:09]} 26. Nxb8 {[%emt 0:00:02]} Rxb8 {
[%emt 0:00:01]} 27. Rd6 {[%emt 0:00:01]} Rc8 {[%emt 0:00:03]} 28. Rfd1 {[%emt
0:00:02]} Rc7 {[%emt 0:00:01]} 29. Kf1 {[%emt 0:00:04]} Bg5 {[%emt 0:00:30]}
30. Ke2 {[%emt 0:00:02]} Bf4 {[%emt 0:00:01]} 31. g3 {[%emt 0:00:01]} Bg5 {
[%emt 0:00:02]} 32. h4 {[%emt 0:00:01]} Bf6 {[%emt 0:00:02]} 33. Kd3 {[%emt 0:
00:02]} g5 {[%emt 0:00:12]} 34. h5 {[%emt 0:00:01]} g4 {[%emt 0:00:01]} 35. Ke4
{[%emt 0:00:05] Àíòîíîâ resigns} 1-0

[Event "Villarobledo Online Qualifyer"]
[Site "playchess.com #155672"]
[Date "2009.05.23"]
[Round "7"]
[White "Byrdmanjr"]
[Black "jchess06"]
[Result "1-0"]
[WhiteElo "1960"]
[BlackElo "1824"]
[PlyCount "73"]
[EventDate "2009.05.23"]
[EventType "swiss (blitz)"]

1. d4 {[%emt 0:00:07]} d5 {[%emt 0:00:02]} 2. Nf3 {[%emt 0:00:01] jchess06
réclame le gain suite à déconnexion} Nf6 {[%emt 0:00:02]} 3. Bg5 {[%emt 0:00:
02]} e6 {[%emt 0:00:02]} 4. c4 {[%emt 0:00:04]} c6 {[%emt 0:00:01]} 5. Nc3 {
[%emt 0:00:02]} Be7 {[%emt 0:00:12]} 6. Qc2 {[%emt 0:00:06]} O-O {[%emt 0:00:
10] jchess06 réclame le gain suite à déconnexion} 7. e4 {[%emt 0:00:28]} dxe4 {
[%emt 0:00:07]} 8. Nxe4 {[%emt 0:00:03]} Nxe4 {[%emt 0:00:01]} 9. Bxe7 {[%emt
0:00:03]} Qxe7 {[%emt 0:00:00]} 10. Qxe4 {[%emt 0:00:05]} Qb4+ {[%emt 0:00:01]}
11. Nd2 {[%emt 0:00:02]} Qxb2 {[%emt 0:00:01]} 12. Rb1 {[%emt 0:00:03]} Qxa2 {
[%emt 0:00:01]} 13. Bd3 {[%emt 0:00:01]} g6 {[%emt 0:00:02]} 14. Nf3 {[%emt 0:
00:14]} Qa5+ {[%emt 0:00:03]} 15. Nd2 {[%emt 0:00:02]} Nd7 {[%emt 0:00:02]} 16.
Qf4 {[%emt 0:00:09]} e5 {[%emt 0:00:03]} 17. dxe5 {[%emt 0:00:06]} Nxe5 {[%emt
0:00:01]} 18. Qxe5 {[%emt 0:00:06]} Bf5 {[%emt 0:00:07]} 19. Qxa5 {[%emt 0:00:
03]} Bxd3 {[%emt 0:00:03]} 20. Rxb7 {[%emt 0:00:02]} Rfe8+ {[%emt 0:00:22]} 21.
Kd1 {[%emt 0:00:02]} Rad8 {[%emt 0:00:05]} 22. Qc7 {[%emt 0:00:04]} Bxc4 {
[%emt 0:00:01]} 23. Kc1 {[%emt 0:00:03]} Be6 {[%emt 0:00:08]} 24. Rxa7 {[%emt
0:00:05]} Rc8 {[%emt 0:00:01]} 25. Qb6 {[%emt 0:00:10]} Bd5 {[%emt 0:00:05]}
26. f3 {[%emt 0:00:04]} Rb8 {[%emt 0:00:02]} 27. Rb7 {[%emt 0:00:02]} Rbd8 {
[%emt 0:00:03]} 28. Ne4 {[%emt 0:00:06]} Ra8 {[%emt 0:00:17]} 29. Nf6+ {[%emt
0:00:05]} Kf8 {[%emt 0:00:03]} 30. Qc5+ {[%emt 0:00:05]} Kg7 {[%emt 0:00:06]}
31. Nxe8+ {[%emt 0:00:02]} Rxe8 {[%emt 0:00:00]} 32. Qd4+ {[%emt 0:00:04]} Kg8
{[%emt 0:00:01]} 33. Kd2 {[%emt 0:00:02]} Ra8 {[%emt 0:00:10]} 34. Rhb1 {[%emt
0:00:06]} Ra2+ {[%emt 0:00:02]} 35. R1b2 {[%emt 0:00:02]} Ra8 {[%emt 0:00:02]}
36. Rb8+ {[%emt 0:00:01]} Rxb8 {[%emt 0:00:01]} 37. Rxb8# {[%emt 0:00:00]} 1-0

[Event "Villarobledo Online Qualifyer"]
[Site "playchess.com #155672"]
[Date "2009.05.23"]
[Round "7"]
[White "Dreistein"]
[Black "King 2009"]
[Result "1-0"]
[WhiteElo "1885"]
[BlackElo "1770"]
[PlyCount "55"]
[EventDate "2009.05.23"]
[EventType "swiss (blitz)"]

1. d4 {[%emt 0:00:03]} d5 {[%emt 0:00:04]} 2. Nf3 {[%emt 0:00:01]} Nf6 {[%emt
0:00:01]} 3. c4 {[%emt 0:00:00]} c6 {[%emt 0:00:01]} 4. e3 {[%emt 0:00:02]} e6
{[%emt 0:00:03]} 5. Bd3 {[%emt 0:00:01]} dxc4 {[%emt 0:00:03]} 6. Bxc4 {[%emt
0:00:01]} b5 {[%emt 0:00:00]} 7. Bd3 {[%emt 0:00:01]} Bb7 {[%emt 0:00:02]} 8.
a4 {[%emt 0:00:01]} a6 {[%emt 0:00:03]} 9. Nbd2 {[%emt 0:00:02]} Nbd7 {[%emt 0:
00:02]} 10. Nb3 {[%emt 0:00:03]} Bd6 {[%emt 0:00:02]} 11. Bd2 {[%emt 0:00:03]}
Qe7 {[%emt 0:00:05]} 12. Na5 {[%emt 0:00:06]} Rb8 {[%emt 0:00:08]} 13. Nxb7 {
[%emt 0:00:04]} Rxb7 {[%emt 0:00:00]} 14. axb5 {[%emt 0:00:01]} axb5 {[%emt 0:
00:03]} 15. Ra8+ {[%emt 0:00:04]} Rb8 {[%emt 0:00:02]} 16. Rxb8+ {[%emt 0:00:
15]} Nxb8 {[%emt 0:00:00]} 17. O-O {[%emt 0:00:04]} O-O {[%emt 0:00:11]} 18. e4
{[%emt 0:00:07]} e5 {[%emt 0:00:03]} 19. dxe5 {[%emt 0:00:02]} Bxe5 {[%emt 0:
00:00]} 20. Nxe5 {[%emt 0:00:02]} Qxe5 {[%emt 0:00:00]} 21. Bc3 {[%emt 0:00:02]
} Qe7 {[%emt 0:00:01]} 22. Qf3 {[%emt 0:00:16]} Nbd7 {[%emt 0:00:02]} 23. Qh3 {
[%emt 0:00:22]} h6 {[%emt 0:00:05]} 24. e5 {[%emt 0:00:14]} Nd5 {[%emt 0:00:10]
} 25. Qf5 {[%emt 0:00:22]} g6 {[%emt 0:00:03]} 26. Qh3 {[%emt 0:00:02]} Nxc3 {
[%emt 0:00:12]} 27. bxc3 {[%emt 0:00:00]} Nxe5 {[%emt 0:00:08]} 28. Be4 {[%emt
0:00:09] Dreistein reklamiert Gewinn wegen Verbindungsabbruch Dreistein
reklamiert Gewinn wegen Verbindungsabbruch Dreistein claims flag (automatic).}
1-0

[Event "Villarobledo Online Qualifyer"]
[Site "playchess.com #155672"]
[Date "2009.05.23"]
[Round "7"]
[White "Necromant"]
[Black "Mtv star"]
[Result "1-0"]
[WhiteElo "2575"]
[BlackElo "2370"]
[PlyCount "65"]
[EventDate "2009.05.23"]
[EventType "swiss (blitz)"]

1. e4 {[%emt 0:00:02]} e6 {[%emt 0:00:07]} 2. d4 {[%emt 0:00:02]} d5 {[%emt 0:
00:00]} 3. Nc3 {[%emt 0:00:02]} c6 {[%emt 0:00:10]} 4. Nf3 {[%emt 0:00:05]} f5
{[%emt 0:00:01]} 5. exf5 {[%emt 0:00:03]} exf5 {[%emt 0:00:00]} 6. Bd3 {[%emt
0:00:01]} Nf6 {[%emt 0:00:05]} 7. O-O {[%emt 0:00:01]} Bd6 {[%emt 0:00:01]} 8.
Ne2 {[%emt 0:00:04]} Qc7 {[%emt 0:00:04]} 9. c4 {[%emt 0:00:12]} Qe7 {[%emt 0:
00:12]} 10. Bf4 {[%emt 0:00:10]} O-O {[%emt 0:00:02]} 11. Bxd6 {[%emt 0:00:10]}
Qxd6 {[%emt 0:00:00]} 12. Ne5 {[%emt 0:00:09]} Nbd7 {[%emt 0:00:02]} 13. f4 {
[%emt 0:00:03]} Ne4 {[%emt 0:00:03]} 14. Bxe4 {[%emt 0:00:26]} fxe4 {[%emt 0:
00:00]} 15. cxd5 {[%emt 0:00:10]} cxd5 {[%emt 0:00:03]} 16. Qb3 {[%emt 0:00:04]
} Nf6 {[%emt 0:00:12]} 17. Rac1 {[%emt 0:00:02]} b6 {[%emt 0:00:06]} 18. Rc6 {
[%emt 0:00:03]} Qd8 {[%emt 0:00:07]} 19. Rfc1 {[%emt 0:00:10]} Ba6 {[%emt 0:00:
14]} 20. Ng3 {[%emt 0:00:05]} Rc8 {[%emt 0:01:06]} 21. Qa4 {[%emt 0:00:12]} Bd3
{[%emt 0:00:25]} 22. Rxc8 {[%emt 0:00:06]} Qxc8 {[%emt 0:00:04]} 23. Rxc8 {
[%emt 0:00:02]} Rxc8 {[%emt 0:00:00] Mtv star offers a draw} 24. Nxd3 {[%emt 0:
00:16]} exd3 {[%emt 0:00:03]} 25. Qd1 {[%emt 0:00:08]} Rc2 {[%emt 0:00:13]} 26.
Qxd3 {[%emt 0:00:06]} Rxb2 {[%emt 0:00:02]} 27. h3 {[%emt 0:00:04]} Rxa2 {
[%emt 0:00:02]} 28. Qf5 {[%emt 0:00:04]} Ra5 {[%emt 0:00:07]} 29. Qe6+ {[%emt
0:00:02]} Kf8 {[%emt 0:00:02]} 30. Nf5 {[%emt 0:00:03]} Ng8 {[%emt 0:00:04]}
31. Nd6 {[%emt 0:00:02] Mtv star offers a draw} Ra1+ {[%emt 0:00:18]} 32. Kh2 {
[%emt 0:00:02]} Nh6 {[%emt 0:00:08]} 33. Qe8# {[%emt 0:00:02]} 1-0

[Event "Villarobledo Online Qualifyer"]
[Site "playchess.com #155672"]
[Date "2009.05.23"]
[Round "7"]
[White "DHCA"]
[Black "Spirliadis"]
[Result "0-1"]
[WhiteElo "1559"]
[BlackElo "1921"]
[PlyCount "102"]
[EventDate "2009.05.23"]
[EventType "swiss (blitz)"]

1. e4 {[%emt 0:00:02]} e6 {[%emt 0:00:01]} 2. d4 {[%emt 0:00:02]} d5 {[%emt 0:
00:00]} 3. e5 {[%emt 0:00:02]} c5 {[%emt 0:00:01]} 4. c3 {[%emt 0:00:01]} Nc6 {
[%emt 0:00:01]} 5. Nf3 {[%emt 0:00:01]} Qb6 {[%emt 0:00:00]} 6. a3 {[%emt 0:00:
02]} Bd7 {[%emt 0:00:01]} 7. b4 {[%emt 0:00:03]} cxd4 {[%emt 0:00:01]} 8. cxd4
{[%emt 0:00:02]} f6 {[%emt 0:00:00]} 9. Bb2 {[%emt 0:00:02]} Be7 {[%emt 0:00:
03]} 10. Nc3 {[%emt 0:00:07]} Nh6 {[%emt 0:00:02]} 11. Na4 {[%emt 0:00:02]} Qc7
{[%emt 0:00:10]} 12. Nc5 {[%emt 0:00:04]} b6 {[%emt 0:00:03]} 13. Nxd7 {[%emt
0:00:05]} Qxd7 {[%emt 0:00:01]} 14. Rc1 {[%emt 0:00:02]} a6 {[%emt 0:00:03]}
15. Qa4 {[%emt 0:00:06]} b5 {[%emt 0:00:05]} 16. Bxb5 {[%emt 0:00:03]} axb5 {
[%emt 0:00:14]} 17. Qxa8+ {[%emt 0:00:02]} Nd8 {[%emt 0:00:01]} 18. exf6 {
[%emt 0:00:08]} gxf6 {[%emt 0:00:03]} 19. Qa5 {[%emt 0:00:11]} O-O {[%emt 0:00:
07]} 20. O-O {[%emt 0:00:03]} Nf5 {[%emt 0:00:05]} 21. Qc7 {[%emt 0:00:04]} Qe8
{[%emt 0:00:12]} 22. Rfe1 {[%emt 0:00:03]} Bd6 {[%emt 0:00:02]} 23. Qc2 {[%emt
0:00:13]} Qg6 {[%emt 0:00:03]} 24. h3 {[%emt 0:00:22]} Kh8 {[%emt 0:00:13]} 25.
Rcd1 {[%emt 0:00:08]} Rg8 {[%emt 0:00:04]} 26. g4 {[%emt 0:00:07]} h5 {[%emt 0:
00:12]} 27. Nh4 {[%emt 0:00:10]} Nxh4 {[%emt 0:00:02]} 28. Qxg6 {[%emt 0:00:05]
} Nf3+ {[%emt 0:00:01]} 29. Kf1 {[%emt 0:00:05]} Rxg6 {[%emt 0:00:03]} 30. Re3
{[%emt 0:00:01]} hxg4 {[%emt 0:00:07]} 31. hxg4 {[%emt 0:00:02]} Nh2+ {[%emt 0:
00:01]} 32. Ke2 {[%emt 0:00:02]} Nxg4 {[%emt 0:00:01]} 33. Rh1+ {[%emt 0:00:03]
} Kg7 {[%emt 0:00:04]} 34. Reh3 {[%emt 0:00:03]} Nh6 {[%emt 0:00:01]} 35. Bc1 {
[%emt 0:00:04]} Ndf7 {[%emt 0:00:01]} 36. f4 {[%emt 0:00:05]} Rg2+ {[%emt 0:00:
14]} 37. Kf3 {[%emt 0:00:03]} Rc2 {[%emt 0:00:01]} 38. f5 {[%emt 0:00:03]} Rc3+
{[%emt 0:00:01]} 39. Kg2 {[%emt 0:00:05]} Rxh3 {[%emt 0:00:01]} 40. Rxh3 {
[%emt 0:00:03]} Nxf5 {[%emt 0:00:07]} 41. Bb2 {[%emt 0:00:08]} Ng5 {[%emt 0:00:
05]} 42. Rc3 {[%emt 0:00:04]} Nxd4 {[%emt 0:00:03]} 43. Rc8 {[%emt 0:00:04]}
Ne2 {[%emt 0:00:11]} 44. Rc6 {[%emt 0:00:04]} Nf4+ {[%emt 0:00:06]} 45. Kf2 {
[%emt 0:00:04]} Ne4+ {[%emt 0:00:01]} 46. Ke3 {[%emt 0:00:02]} Ng2+ {[%emt 0:
00:09]} 47. Kf3 {[%emt 0:00:03]} Nh4+ {[%emt 0:00:01]} 48. Ke3 {[%emt 0:00:02]}
Nf5+ {[%emt 0:00:01]} 49. Kf3 {[%emt 0:00:04]} Nd2+ {[%emt 0:00:05]} 50. Ke2 {
[%emt 0:00:06]} Nc4 {[%emt 0:00:02]} 51. Bc1 {[%emt 0:00:05]} Nd4+ {[%emt 0:00:
01] DHCA rinde} 0-1

[Event "Villarobledo Online Qualifyer"]
[Site "playchess.com #155672"]
[Date "2009.05.23"]
[Round "7"]
[White "The bluff"]
[Black "Sophie_Neveu"]
[Result "1-0"]
[WhiteElo "2205"]
[BlackElo "2182"]
[PlyCount "79"]
[EventDate "2009.05.23"]
[EventType "swiss (blitz)"]

1. e4 {[%emt 0:00:03]} c5 {[%emt 0:00:02]} 2. Nc3 {[%emt 0:00:02]} Nc6 {[%emt
0:00:02]} 3. f4 {[%emt 0:00:01]} e6 {[%emt 0:00:02]} 4. Nf3 {[%emt 0:00:01]} d5
{[%emt 0:00:04]} 5. d3 {[%emt 0:00:01]} dxe4 {[%emt 0:00:02]} 6. dxe4 {[%emt 0:
00:02]} Qxd1+ {[%emt 0:00:02]} 7. Nxd1 {[%emt 0:00:01]} Nf6 {[%emt 0:00:02]} 8.
Nc3 {[%emt 0:00:02]} a6 {[%emt 0:00:04]} 9. e5 {[%emt 0:00:07]} Nd5 {[%emt 0:
00:07]} 10. Nxd5 {[%emt 0:00:03]} exd5 {[%emt 0:00:01]} 11. b3 {[%emt 0:00:05]}
Bf5 {[%emt 0:00:01]} 12. Ba3 {[%emt 0:00:05]} b6 {[%emt 0:00:15]} 13. O-O-O {
[%emt 0:00:03]} O-O-O {[%emt 0:00:03]} 14. h3 {[%emt 0:00:01]} Kb7 {[%emt 0:00:
22]} 15. Ng5 {[%emt 0:00:02]} Rd7 {[%emt 0:00:09]} 16. g4 {[%emt 0:00:02]} h6 {
[%emt 0:00:16]} 17. gxf5 {[%emt 0:00:01]} hxg5 {[%emt 0:00:01]} 18. e6 {[%emt
0:00:05]} fxe6 {[%emt 0:00:02]} 19. fxe6 {[%emt 0:00:01]} Rd8 {[%emt 0:00:01]}
20. fxg5 {[%emt 0:00:03]} Nd4 {[%emt 0:00:06]} 21. Bg2 {[%emt 0:00:11]} Be7 {
[%emt 0:00:09]} 22. h4 {[%emt 0:00:01]} Kc6 {[%emt 0:00:07]} 23. Bb2 {[%emt 0:
00:09]} Nf5 {[%emt 0:00:52]} 24. Kb1 {[%emt 0:00:49]} Rxh4 {[%emt 0:00:06]} 25.
Rxh4 {[%emt 0:00:47]} Nxh4 {[%emt 0:00:00]} 26. Bh3 {[%emt 0:00:01]} d4 {[%emt
0:00:11]} 27. Bc1 {[%emt 0:00:09]} Nf3 {[%emt 0:00:14]} 28. Bg2 {[%emt 0:00:02]
} Kd5 {[%emt 0:00:04]} 29. Bxf3+ {[%emt 0:00:01]} Kxe6 {[%emt 0:00:00]} 30.
Re1+ {[%emt 0:00:02]} Kf7 {[%emt 0:00:05]} 31. g6+ {[%emt 0:00:02]} Kf8 {[%emt
0:00:04]} 32. Rf1 {[%emt 0:00:04]} Bf6 {[%emt 0:00:01]} 33. Bb7 {[%emt 0:00:03]
} a5 {[%emt 0:00:11]} 34. Bg5 {[%emt 0:00:06]} Rd6 {[%emt 0:00:10]} 35. Bf4 {
[%emt 0:00:03]} Rd7 {[%emt 0:00:03]} 36. Bc6 {[%emt 0:00:01]} Ra7 {[%emt 0:00:
03]} 37. Bh6 {[%emt 0:00:04]} Ke7 {[%emt 0:00:01]} 38. Bxg7 {[%emt 0:00:02]}
Bxg7 {[%emt 0:00:02]} 39. Rf7+ {[%emt 0:00:00]} Kd6 {[%emt 0:00:01]} 40. Rxa7 {
[%emt 0:00:01] Sophie_Neveu rinde} 1-0

[Event "Villarobledo Online Qualifyer"]
[Site "playchess.com #155672"]
[Date "2009.05.23"]
[Round "7"]
[White "GMsKoRPioN"]
[Black "Antlew3"]
[Result "1-0"]
[WhiteElo "2506"]
[BlackElo "1719"]
[PlyCount "105"]
[EventDate "2009.05.23"]
[EventType "swiss (blitz)"]

1. d4 {[%emt 0:00:02]} g6 {[%emt 0:00:03]} 2. c4 {[%emt 0:00:01]} Bg7 {[%emt 0:
00:01]} 3. Nc3 {[%emt 0:00:00]} b6 {[%emt 0:00:01]} 4. e4 {[%emt 0:00:01]} Bb7
{[%emt 0:00:01]} 5. f3 {[%emt 0:00:01]} e6 {[%emt 0:00:01]} 6. Be3 {[%emt 0:00:
04]} Ne7 {[%emt 0:00:00]} 7. Qd2 {[%emt 0:00:01]} a5 {[%emt 0:00:04]} 8. Bd3 {
[%emt 0:00:02]} Nbc6 {[%emt 0:00:01]} 9. Nge2 {[%emt 0:00:01]} Nb4 {[%emt 0:00:
01]} 10. Bb1 {[%emt 0:00:01]} c6 {[%emt 0:00:03]} 11. a3 {[%emt 0:00:01]} Na6 {
[%emt 0:00:01]} 12. O-O {[%emt 0:00:00]} O-O {[%emt 0:00:02]} 13. Bh6 {[%emt 0:
00:02]} f5 {[%emt 0:00:03]} 14. e5 {[%emt 0:00:03]} d5 {[%emt 0:00:04]} 15.
cxd5 {[%emt 0:00:02]} Nxd5 {[%emt 0:00:03]} 16. Nxd5 {[%emt 0:00:02]} Qxd5 {
[%emt 0:00:01]} 17. Ba2 {[%emt 0:00:01]} Qd7 {[%emt 0:00:02]} 18. Bxg7 {[%emt
0:00:02]} Kxg7 {[%emt 0:00:01]} 19. Nf4 {[%emt 0:00:01]} Nc7 {[%emt 0:00:01]}
20. Rac1 {[%emt 0:00:04]} Nd5 {[%emt 0:00:01]} 21. Nxd5 {[%emt 0:00:04]} cxd5 {
[%emt 0:00:02]} 22. Rc3 {[%emt 0:00:03]} Ba6 {[%emt 0:00:01]} 23. Rfc1 {[%emt
0:00:01]} Rac8 {[%emt 0:00:01]} 24. f4 {[%emt 0:00:05]} Rxc3 {[%emt 0:00:02]}
25. Rxc3 {[%emt 0:00:00]} Rc8 {[%emt 0:00:01]} 26. Kf2 {[%emt 0:00:03]} Qb5 {
[%emt 0:00:06]} 27. h3 {[%emt 0:00:33]} Qf1+ {[%emt 0:00:04]} 28. Kg3 {[%emt 0:
00:01]} Rxc3+ {[%emt 0:00:49]} 29. Qxc3 {[%emt 0:00:02]} Bc4 {[%emt 0:00:03]}
30. Bxc4 {[%emt 0:00:22]} dxc4 {[%emt 0:00:11]} 31. b3 {[%emt 0:00:15]} b5 {
[%emt 0:00:08]} 32. bxc4 {[%emt 0:00:01]} bxc4 {[%emt 0:00:03]} 33. Qxa5 {
[%emt 0:00:01]} Qd3+ {[%emt 0:00:01]} 34. Kh2 {[%emt 0:01:14]} c3 {[%emt 0:00:
05]} 35. Qa7+ {[%emt 0:00:12]} Kh6 {[%emt 0:00:03]} 36. Qe7 {[%emt 0:00:11]}
Qxd4 {[%emt 0:00:41] '} 37. Qg5+ {[%emt 0:00:20]} Kg7 {[%emt 0:00:02]} 38. Qf6+
{[%emt 0:00:01]} Kg8 {[%emt 0:00:04]} 39. Qxe6+ {[%emt 0:00:01]} Kf8 {[%emt 0:
00:01]} 40. Qf6+ {[%emt 0:00:01]} Ke8 {[%emt 0:00:01]} 41. Qh8+ {[%emt 0:00:01]
} Kd7 {[%emt 0:00:01]} 42. e6+ {[%emt 0:00:00]} Kxe6 {[%emt 0:00:09]} 43. Qxd4
{[%emt 0:00:00]} c2 {[%emt 0:00:01]} 44. Qc3 {[%emt 0:00:01]} Kd5 {[%emt 0:00:
02]} 45. Qxc2 {[%emt 0:00:01]} Kd4 {[%emt 0:00:02]} 46. a4 {[%emt 0:00:01]} Ke3
{[%emt 0:00:01]} 47. a5 {[%emt 0:00:00]} Kxf4 {[%emt 0:00:01]} 48. a6 {[%emt 0:
00:00]} g5 {[%emt 0:00:01]} 49. a7 {[%emt 0:00:00]} h5 {[%emt 0:00:01]} 50.
a8=Q {[%emt 0:00:00]} g4 {[%emt 0:00:01]} 51. Qaa4+ {[%emt 0:00:00]} Kg5 {
[%emt 0:00:01]} 52. Qd2+ {[%emt 0:00:00]} Kh4 {[%emt 0:00:01]} 53. g3# {[%emt
0:00:02]} 1-0